Educación, actualidad e incertidumbre

-д хадгалсан:
Номзүйн дэлгэрэнгүй
Үндсэн зохиолчид: Corbalán, Alejandra (Зохиогч), Russo, Hugo (Зохиогч)
Формат: Ном
Хэл сонгох:испани
Хэвлэсэн: Tandil Universidad nacional del Centro de la Provincia de Buenos Aires 1998
Хэвлэл:1a. ed
Цуврал:Serie Investigaciones
Нөхцлүүд:
Шошгууд: Шошго нэмэх
Шошго байхгүй, Энэхүү баримтыг шошголох эхний хүн болох!

MARC

LEADER 00000cam a2200000 a 4500
001 UCN8966
003 CL-VaPUC
008 011123e19980000AG |||||||||||||||||spa|d
020 |a 9506580359 
082 0 4 |a 370.1  |b COR  |2 21 
100 0 |a Corbalán, Alejandra  |e author  |9 465486 
700 0 |a Russo, Hugo  |e author  |9 465487 
245 1 0 |a Educación, actualidad e incertidumbre 
250 |a 1a. ed 
300 |a 244 p 
942 |c BK 
945 |d 20011123 00:00:00  |a cmena 
260 |a Tandil  |b Universidad nacional del Centro de la Provincia de Buenos Aires  |c 1998 
650 0 |a Filosofía de la educación   |9 258384 
650 0 |a Universidades  |9 256317 
650 0 |a Educación básica   |9 224933 
650 7 |a EDUCACION COMPARADA  |2 CL-VaPUC  |9 307694 
583 |a last modification  |c 20121119 08:37:33  |k Rodrigo Vera 
490 0 |a Serie Investigaciones 
999 |c 298638  |d 298636 
952 |0 0  |1 0  |4 0  |6 370_100000000000000_COR_1998  |7 0  |8 A  |9 354390  |a BIBEDU  |b BIBEDU  |d 2019-11-21  |i 3688984  |o 370.1 COR 1998  |p 3688984  |r 2019-11-21  |w 2019-11-21  |y BK  |k EDU 
952 |0 0  |1 0  |4 0  |6 370_100000000000000_COR_1998  |7 0  |8 X  |9 354391  |a FDOMLP  |b FDOMLP  |d 2019-11-21  |i 4903706  |o 370.1 COR 1998  |p 4903706  |r 2019-11-21  |w 2019-11-21  |y BK_X  |k BU2